| 000 | 00690cam a22001811 4500 | ||
|---|---|---|---|
| 001 | 000008853 | ||
| 005 | 20200929161426.0 | ||
| 008 | 740627s1971 cl b 000 0 spa | ||
| 040 |
_aDO-SdBNP _bspa _cBNPHU |
||
| 100 | 1 |
_aCalderon, Alfonso _q(Calderon Squadrito), _ecomp. _923406 |
|
| 245 | 1 | 0 |
_aAntologia de la poesia chilena contemporanea / _c[por] Alfonso Calderon. |
| 260 |
_a[Santiago, Chile] : _bEditorial Universitaria, _c[1971]. |
||
| 300 |
_a383 p. ; _c19 cm. |
||
| 440 | 0 |
_aColeccion Libros para el estudiante _923407 |
|
| 504 | _aIncludes bibliographical references. | ||
| 500 | _a"Apendice" (p. [269]-383) contains critical essays. | ||
| 650 | 0 |
_aChilean poetry _y20th century. _923408 |
|
| 999 |
_c8622 _d8622 |
||